01447nam a22002657a 4500003001700000005001700017008004100034020001800075040000700093041001200100082001400112100002800126245003900154250000600193260002600199300002700225365006100252520058500313650003900898700002800937700003600965942001201001999001901013952014901032St Aloysius Coll20260227172219.0260227b |||||||| |||| 00| 0 eng d a9781292738611 cAL aEnglish a301bCURS aTimothy J Curry9257110 aSociologyb: evidence and insights a1 aLondonbPearsonc2025 a575p.bPBc27.4x21.5cm 2Generala6279b₹5668.00c₹d₹7266e22%f23/02/2026 aociology: Evidence and Insights guides students to analyze society through a combination of data and classic and contemporary sociological perspectives. In today's era of "alternative facts" and "fake news," authors Timothy Curry, Robert Jiobu and Cynthia Fabrizio Pelak give students the tools to distinguish between sociological insights and claims not supported by data. By prompting readers to make evidence-based arguments from different sociological perspectives, the text empowers students to bridge the great political and social divides that characterize our world today. 2Social SciencesaSociology9257111 aJiobu, Robert M9257112 aPelak, Cynthia Fabrizio9257113 2ddccBK c240966d240966 00102ddc40708MSWaSACPGbSACPGd2026-02-25eBiblios Book Pointg5668.00l0o301 CURSpPG025207r2026-02-27 17:24:04v7266.00w0000-00-00yBK